000 00778nam a2200277Ia 4500
001 G5223
003 IT-RoPAU
008 130308s9999 xx 000 0 und d
040 _aIT-RoPAU
040 _cIT-RoPAU
041 _aITALIANO
100 _aPrandi Carlo
100 _gCodice Aut. SPICS: 2364
245 _aZavattini: Cristo, il cristianesimo, i cristiani
245 _bDiviso in Due. Cesare Zavattini: Cinema e Cultura Popolare
250 _a1a ed.
260 _aREGGIO EMILIA
260 _bDiabasis
260 _c1999 [1° Ed.:1999 - Ed.Ling.Originale:1999]
300 _a"11 p. (prefazione: no ; testo: 11 [pagine: 81-91])"
650 _aAUTORI/OPERE DEL CINEMA
650 _eCodice materia Spics: 6807
942 _cBK
957 _71
999 _c83233
_d83233
999 _g1